LEADER 01108nam0-22003251i-450- 001 990007791840403321 005 20090710113031.0 010 $a88-14-10234-1 035 $a000779184 035 $aFED01000779184 035 $a(Aleph)000779184FED01 035 $a000779184 100 $a20030814d2003----km-y0itay50------ba 101 0 $aita 200 1 $a<>disciplina della subfornitura nelle attività produttive$ecommento alla legge 18 giugno 1998, n.192 come modificata dallalegge 5 marzo 2001, n.57 e dal decreto legislativo 9 ottobre 2002, n.231$fCarlo Berti, Barbara Grazzini 210 $aMilano$cGiuffrè$d2003 215 $a247 p.$d23 cm 225 1 $aResponsabilità comunicazione impresa$v10 610 0 $aAppalto di forniture 700 1$aBerti,$bCarlo$03718 702 1$aGrazzini,$bBarbara 801 0$aIT$bUNINA$gRICA$2UNIMARC 901 $aBK 912 $a990007791840403321 952 $aDPR 15/326$b20958$fDEC 952 $a16-C-69$b12717$fDDCP 959 $aDDCP 959 $aDEC 996 $aDisciplina della subfornitura nelle attività produttive$9663052 997 $aUNINA LEADER 01145nam1-22003851n-450- 001 990003213790203316 005 20100107125512.0 010 $a88-15-09837-2 035 $a000321379 035 $aUSA01000321379 035 $a(ALEPH)000321379USA01 035 $a000321379 100 $a20090403-2005----m||y0itay0103----ba 101 0 $aita 102 $aIT 105 $ay|||z|||001yy 200 1 $aConcorrenza e antitrust$fAlberto Pera 205 $a4. ed. aggiornata 210 $aBologna$cIl Mulino$d2005 215 $a134 p.$d20 cm 225 2 $aFarsi un'idea$v28 410 0$12001$aFarsi un'idea$v28 606 0 $aPatto di non concorrenza$xLegislazione$2BNCF 676 $a338.522 700 1$aPERA,$bAlberto$083965 801 0$aIT$bsalbc$gISBD 912 $a990003213790203316 951 $aXXX.A. Coll. 90/ 24 (COLL PVB 28)$b215427 G.$cXXX.A. Coll. 90/ 24 (COLL PVB)$d00206029 959 $aBK 969 $aGIU 979 $aIANNONE$b90$c20090403$lUSA01$h1038 979 $aIANNONE$b90$c20090630$lUSA01$h1131 979 $aRSIAV2$b90$c20100107$lUSA01$h1255 996 $aConcorrenza e antitrust$946052 997 $aUNISA LEADER 01175nam--2200409---450- 001 990002811440203316 005 20060912120647.0 010 $a88-8353-461-1 035 $a000281144 035 $aUSA01000281144 035 $a(ALEPH)000281144USA01 035 $a000281144 100 $a20060912h2006----km-y0itay50------ba 101 $aita 102 $aIT 105 $aa---||||001yy 200 1 $aBricolage$elettere ai semiologi della terra ferma$fJean-Marie Floch$ga cura di Marialaura Agnello e Gianfranco Marrone 210 $aRoma$cMeltemi$dcopyr. 2006 215 $a215 p.$cill.$d19 cm 225 2 $aSegnature$v31 410 0$12001$aSegnature 606 0 $aSemiotica 606 0 $aComunicazione 606 0 $aPercezione 676 $a401.41 700 1$aFLOCH,$bJean-Marie$0145660 702 1$aAGNELLO,$bMarialaura 702 1$aMARRONE,$bGianfranco 801 0$aIT$bsalbc$gISBD 912 $a990002811440203316 951 $aIV.2. 1528$b188861 L.M.$cIV.2.$d00125541 959 $aBK 969 $aUMA 979 $aPAOLA$b90$c20060912$lUSA01$h1203 979 $aPAOLA$b90$c20060912$lUSA01$h1206 996 $aBricolage$9994978 997 $aUNISA